00930 2200289 4500001002100000005001700021008004100038020001800079035002500097040001200122082001200134084001800146100001900164245018000183250001000363260003200373300003500405500005500440500002500495650001700520700001800537700001500555700002500570700001800595850001200613999001500625YOGYA-0209000001211920150707135138.0 ind  a979-8591-09-7 a0010-020900000012119 aYOPDYOG a543.089 a543.089 Has C aHOSTETTMANN, K aCara Kromatografi Preparatifb: Penggunaan pada isolasi senyawa alamc/ K. Hostettmann, m. Hostettmann, A. Marston ; penerjemah, Kosasih Padmawinata ; penyunting, Titet Sutomo aCet.1 aBandungbPenerbit ITBc1995 a9 a, 188 hlmb: ilus.c; 21 cm aJudul asli : Preparative chromatography techniques aTermasuk bibliografi aKromatografi aHostettman, M aMarston, A aPadmawinata, Kosasih aSutomo, Tetet aYOPDYOG a97P0095259